| 000 | 01902cam a2200313 i 4500 | ||
|---|---|---|---|
| 003 | DO-SdBNP | ||
| 005 | 20231004135146.0 | ||
| 007 | ta | ||
| 008 | 751003s2017 sp 000 f spa d | ||
| 020 | _a9788425393815 | ||
| 040 |
_aDO-SdBNP _bspa _cBNPHU _erda |
||
| 082 | 4 |
_bJ27 _222 |
|
| 100 | 1 |
_aJames, E. L. _d1963- _qErika Leonard Mitchell, _984367 |
|
| 240 | 1 | 0 |
_aDarker / _lEspañol |
| 245 | 1 | 0 |
_aMás oscuro / _cE. L. James ; traducción Anuvela |
| 246 | 1 |
_aMás oscuro : _bcincuenta sobras más oscuras contada por Christian / |
|
| 264 | 1 |
_aBarcelona, España : _bPenguin Random House, _bGrijalbo _c2017. |
|
| 300 |
_a633 páginas _c23 cm. |
||
| 336 |
_2rdacontent _atexto _btxt |
||
| 337 |
_2rdamedia _asin mediación _bn |
||
| 338 |
_2rdacarrier _avolumen _bnc |
||
| 500 | _aIncluye datos biográficos de la autora en la solapa de la contracubierta. | ||
| 500 | _aPapel certificado por el Forest Stewardship Council. | ||
| 520 | _aAunque aquella ardiente y sensual relación acabó marcada por el sufrimiento y los reproches. Christian Grey no logra quitarse a Anastasia de la cabeza ni del corazón. Decidido a recuperarla y a amarla aceptando sus condiciones, intenta reprimir sus deseos más oscuros y la necesidad de tenerlo todo bajo su control. Sin embargo, las pesadillas de la infancia no dejan de perseguirle y además, el insidioso jefe de Ana, Jack Hyde, claramente la quiere para él. ¿Podrá el doctor Flynn, psicólogo y confidente de Christian, ayudarle a enfrentarse a sus propios fantasmas, o acabarán la posesiva y seductora maestra Elena y la perturbada Leila, su devota y anterior sumisa, arrastrando a Grey al pasado? Y si finalmente consigue recuperar a Ana,¿será capaz, un hombre tan oscuro y lastimado, de retenerla a su lado? | ||
| 590 | _aInventariado, 2023/ YL | ||
| 710 |
_aAnuvela _etraducción _984375 |
||
| 910 | _aYlockward | ||
| 942 |
_2ddc _cLBS1 |
||
| 999 |
_c55074 _d55074 |
||